Монгол ардын домогт харилцаа дуу (Бичлэгийн дугаар. 67385)

MARC дэлгэрэнгүй
000 -Удирдлага
Ном зүйн бүртгэл тоо буюу кодлох утгыг агуулсан 01282 a2200217 4500
003 - ХЯНАЛТЫН ТОО ТОДОРХОЙЛОГЧ
Код MN-UlNLM
005 - ХАМГИЙН СҮҮЛИЙН ҮЕИЙН ХЭЛЦЛИЙН ОГНОО БА ЦАГ
Тухайн бичилтийг бичсэн засварласан сүүлийн огноо. 20220826132434.0
008 - ЕРӨНХИЙ МЭДЭЭЛЭЛ-ЭЛЕМЕНТҮҮДИЙН ӨГӨГДЛИЙН УРТ
fixed length control field a130t2005 mp ||||| |||| 00| 0 mon d
040 ## - ЭХ СУРВАЛЖИЙГ ТОДОРХОЙЛОН БИЧИХ
Анхны каталогийн байгууллага Монгол Улсын Үндэсний номын сан
084 ## - БУСАД АНГИЛЛЫН ДУГААР
Анги 82.3(5Мон)
Ангиллын нэр Номын сан номзүйн ангилал
Зохиогчийн 3-н тэмдэгт М 692
Шинжлэх ухааны мэдлэгийн салбар Ардын аман зохиол, утга зохиол - 82
245 0# - ҮНДСЭН ГАРЧИГ
Гарчиг Монгол ардын домогт харилцаа дуу
Оролцогчдын тухай мэдээ Эмхт. Т.Батхуяг.
250 ## - ХЭВЛЭЛТИЙН ТУХАЙ МЭДЭЭ
Дахин хэвлэлтийн мэдээ 1
260 1# - ГАРАЛТЫН ТУХАЙ МЭДЭЭ
Хэвлэгдсэн он 2005
Хэвлэгдсэн газар УБ
Хэвлэлийн газар Соёмбо принтинг
300 ## - ТООНЫ МЭДЭЭ
Хуудасны тоо 60х
546 ## - ХЭЛНИЙ ТУХАЙ МЭДЭЭ
Хэл
653 ## - ТҮЛХҮҮР ҮГС
Түлхүүр үг Ардын аман зохиол, утга зохиол
-- Монгол ардын аман зохиол
-- Домогт дуу
740 ## - НОМЫН АГУУЛГЫН ГАРЧИГ
Номын гарчгууд Юндэн гөөгөө.
-- Эрүү цагаан болжмор.
-- Өвгөн шувуу.
-- Жийжүү хот.
-- Шаргын говийн ялаа.
-- Сумъяа ноён.
-- Ванлий.
-- Сийлэнбүүр.
-- Сүнжидмаа.
-- Галуу хун хоёр.
-- Жаавай.
-- Шалзат баахан шарга.
-- Лам чөтгөр хоёр.
-- Дөрвөн уул.
-- Торой банди.
-- Данаабал.
-- Тиана хүү.
-- Дүйнхэр Да лам.
-- Аргагүй амраг.
-- Гандан уулын цэцэг.
-- Хулсан ташуур.
856 ## - ЭЛЕКТРОН БАЙРЛАЛ БА ХОЛБООС
Төрөл Хэвлэмэл ном
942 ## - ЭЛЕМЕНТИЙН ТӨРӨЛ
Төрөл Ном
Захиалгууд
Буцаан татагдсан төлөв Хасагдсан шалтгаан Гэмтсэн төлөв Данс заагч Захиалах боломжгүй Үндсэн номын сан Одоогийн байршил Салбар танхим Сан хөмрөг 5 Бүртгэсэн огноо Тавиурын заалт Баркод Үнэ Хамгийн сүүлд байсан огноо Салбар Нийт уншлаганд гарсан тоо Хамгийн сүүлд уншлаганд гарсан огноо Төрөл
          МУҮНомын сан салбар МУҮНомын сан салбар МУҮНС салбар | Язгуур танхим 8 давхар МУҮНС салбар | Язгуур танхим 8 давхар 2021-08-31 72279 02072279 3000.00 2021-08-31 0000020722 2 2017-01-16 Ном
          МУҮНомын сан салбар МУҮНомын сан салбар МУҮНС салбар | Язгуур танхим 8 давхар МУҮНС салбар | Язгуур танхим 8 давхар 2021-08-31 72278 02072278 3000.00 2021-08-31 0000020722     Ном
          МУҮНомын сан салбар МУҮНомын сан салбар МУҮНС салбар | Язгуур танхим 8 давхар МУҮНС салбар | Язгуур танхим 8 давхар 2021-08-25 72277 02072277 3000.00 2021-08-25 0000020722     Ном
          МУҮНомын сан салбар МУҮНомын сан салбар МУҮНС салбар | Язгуур танхим 8 давхар МУҮНС салбар | Язгуур танхим 8 давхар 2021-08-31 72276 02072276 3000.00 2021-08-31 0000020722     Ном
          МУҮНомын сан салбар МУҮНомын сан салбар МУҮНС салбар | Язгуур танхим 8 давхар МУҮНС салбар | Язгуур танхим 8 давхар 2021-08-31 72275 02072275 3000.00 2021-08-31 0000020722     Ном